Sports Quiz

Random Sports or Soccer Quiz

Footballers (soccer) First Clubs Quiz Stats

 Plays Quiz not verified by Sporcle

Support Sporcle.
Go Orange.
Score 0/20 Timer 05:00
0 Plays Today
Player Club % Correct
Steven GerrardLiverpool
96.1%
Frank LampardWest Ham United
90.2%
Rio FerdinandWest Ham United
80.7%
Francesc FàbregasArsenal
79.8%
Gareth BaleSouthampton
73.2%
Stewart DowningMiddlesbrough
62.5%
Rafael van der VaartAjax
57.7%
Thierry HenryAS Monaco
55.1%
Zlatan IbrahimovićMalmö
49.7%
Gianluigi BuffonParma
48.8%
Player Club % Correct
RonaldinhoGrêmio
39.9%
Gonzalo HiguaínRiver Plate
39.9%
José ReinaBarcelona B
30.7%
Peter CrouchTottenham Hotspur
28.3%
Éric AbidalAS Monaco
27.4%
Shay GivenBlackburn Rovers
22.6%
David JamesWatford
17.3%
Andrea PirloBrescia Calcio
13.7%
Landon DonovanBayer Leverkusen II
10.4%
Eiður GuðjohnsenValur
2.7%

You're not logged in!

Compare scores with friends on all Sporcle quizzes.
OR
Log In

From the Vault

Americas by First 3 Letters

by RobPro

We know you're going to type in 'KYR' for old times sake.
Remove Ads.
Support Sporcle.
Get the best of Sporcle when you Go Orange. This ad-free experience offers more features, more stats, and more fun while also helping to support Sporcle. Thank you for becoming a member.

Show Comments

Extras

Created Mar 9, 2011ReportNominate
Tags:Soccer Quiz, club, Footballer, Player

Top Quizzes Today


Score Distribution

Your Account Isn't Verified!

In order to create a playlist on Sporcle, you need to verify the email address you used during registration. Go to your Sporcle Settings to finish the process.

Report this User

Report this user for behavior that violates our Community Guidelines.

Details: